000 00576nam a2200181 i 4500
001 43013
003 ES-MaACL
005 20230906160722.0
007 t|
008 030314s1968 sp ||||1| spa d
100 1 _aCepeda Calzada, Pablo.
_937431
245 1 4 _aLas ideas políticas de Ortega y Gasset /
_cpor Pablo Cepeda Calzada.
260 _aValladolid :
_bUniversidad,
_c1968.
300 _a244 p. ;
_c21 cm.
600 1 4 _aOrtega y Gasset, José,
_d1883-1955-
_xCrítica e interpretación
_987505
852 _aES-MaACL
_jC-48527
_bR.66157
999 _c43013
_d43013